| 000 | 00521nam a2200193Ia 4500 | ||
|---|---|---|---|
| 008 | 170918s9999 xx 000 0 und d | ||
| 020 | _a9781609414115 | ||
| 050 | _bY75sh 2007 | ||
| 100 | _aYoung, Paul | ||
| 245 | 4 | _aThe shack : | |
| 245 | _bwhere tragedy confront eternity / | ||
| 245 | _cby Paul Young ; in collaboration with Wayne Jacobsen and Brad Cummings. | ||
| 260 | _aUSA : | ||
| 260 | _bWind Blown Media, | ||
| 260 | _c2007 | ||
| 300 | _a279 pages : | ||
| 300 | _billustrations ; | ||
| 300 | _c17cm. | ||
| 999 |
_c343501 _d343501 |
||